000 00423nam a2200193Ia 4500
003 OSt
005 20251202112118.0
008 250729s2003 xx 000 0 und d
040 _cAL
041 _aeng
082 _a370 FOCR
100 _aFaus Jose
_9225370
245 _aRanouncing modernity
260 _c2003
300 _a32p
650 _aEducation
_9225371
700 _aGonzaley
_9225372
942 _2ddc
_cBED
999 _c236878
_d236878